000 00563nam a2200217 i 4500
001 bg
100 1 _aROHL, J.S.
245 0 _aRecursion via Pascal /
_cJ.S. Rohl.
260 _aLondon :
_bCambridge Univ. Press,
_c1984.
490 1 _aCambridge Computer Science Texts ;
_v19
650 9 _aPascal
650 9 _aKomputery
_xprogramowanie
830 _aCambridge Computer Science Texts ;
020 _a0521269342
040 _cBPK
041 _apol
080 _a004
920 _a0-521-26934-2
942 _cKS
008 s pl f |000 0 pol
999 _c23441
_d23441
856 _uhttp://koha.tu.koszalin.pl/cgi-bin/koha/opac-detail.pl?biblionumber=23441
_yKatalog online BPK